| 000 | 00432nam a22001697a 4500 | ||
|---|---|---|---|
| 003 | CEME | ||
| 005 | 20210628205523.0 | ||
| 008 | 210308b xxu||||| |||| 00| 0 eng d | ||
| 020 | _a0-412-60230-X | ||
| 040 | _c. | ||
| 082 | _a658.5 BOU'C | ||
| 100 |
_aBoucher, Thomas C _975878 |
||
| 245 | _aComputer automation in manufacturing an introduction | ||
| 260 |
_aLONDON _bCHAPMAN & HALL _c1996 |
||
| 300 | _a375P | ||
| 942 |
_cBK _2ddc |
||
| 999 |
_c581289 _d581289 |
||